عرض عادي
عرض مارك
- الجلال السيوطي، عبد الرحمن بن أبي بكر بن محمد.
مدخل إسم شخص
001 - رقم الضبط
- حقل الضبط: 97018
003 - معرف رقم الضبط
- حقل الضبط: OSt
005 - تاريخ ووقت أخر عملية
- حقل الضبط: 20220811131202.0
008 - عناصر بيانات ثابتة الطول
- حقل تحكم ثابت الطول: 220811|| aca||aabn | a|a d
040 ## - مصدر الفهرسة
- هيئة الفهرسة الأصلية: OSt
- وكالة الكتابة: OSt
100 ## - مدخل -- أسم شخص
- إسم شخص: الجلال السيوطي، عبد الرحمن بن أبي بكر بن محمد.
- تواريخ مرتبطة بالاسم: 849-911 هـ.
670 ## - بيانات المصدر موجوده
- الاستشهاد بالمصدر: Work cat.: (OSt)81418: الجلال السيوطي، عبد الرحمن بن أبي بكر بن محمد. 849-911 هـ., بغية الوعاة في طبقات اللغويين والنحاة /, 2005
